00424nam a2200145 a 4500008004100000050001600041100002000057245001800077246006200095260005600157350000900213650002000222650001400242650002200256120416s1995 ||||||||||||||||| || u aHD 87.5 Mar aMartin, Matthew10aForging links aeconomic research and policy making in sub-Saharan Africa aNairobibAfrican Economic Research Consortiumc1995 a0.00 0aECONOMIC POLICY 0aECONOMICS aECONOMIC RESEARCH